|
|
|
|
| LEADER |
00000cam a2200000 4500 |
| 001 |
vtls011753311 |
| 003 |
SK-MaSNL |
| 005 |
20260301051746.0 |
| 008 |
200104s2018 xo a frp 000 0 slo |
| 015 |
|
|
|a SNBA2018/06
|
| 020 |
|
|
|a 9788055218106
|q (brožované)
|
| 035 |
|
|
|a urn:nbn:sk:snk-am00d2ux
|
| 035 |
|
|
|a urn:nbn:sk:snk-am3hjt0
|
| 035 |
|
|
|a 5EEB0C84-592D-4EB4-B922-9B7D6BA49E32
|
| 040 |
|
|
|a SNK
|b slo
|c SNK
|e rda
|
| 041 |
0 |
|
|a slo
|
| 044 |
|
|
|a xo
|c SK
|
| 072 |
|
7 |
|a 631
|x Poľnohospodárstvo. Pedológia. Agrotechnika. Agroekológia
|2 konspekt
|
| 072 |
|
7 |
|a 633
|x Rastlinná výroba
|2 konspekt
|
| 080 |
|
|
|a 631.51
|2 2011
|
| 080 |
|
|
|a 633
|2 2011
|
| 080 |
|
|
|a 631.53.04
|2 2011
|
| 080 |
|
|
|a 631.543
|2 2011
|
| 080 |
|
|
|a (075.8)
|2 2011
|
| 100 |
1 |
|
|a Pospišil, Richard,
|d 1954-
|4 aut
|9 7530
|
| 245 |
1 |
0 |
|a Integrovaná rastlinná výroba
|c Richard Pospišil, Eva Candráková, Jozef Žembery, Dávid Ernst
|
| 250 |
|
|
|a Vydanie prvé
|
| 264 |
|
1 |
|a Nitra
|b Vydavateľstvo SPU
|b Slovenská poľnohospodárska univerzita v Nitre, Fakulta agrobiológie a potravinových zdrojov, Katedra rastlinnej výroby
|c 2018
|
| 300 |
|
|
|a 146 strán
|b ilustrácie, tabuľky
|c 30 cm
|
| 336 |
|
|
|a text
|b txt
|2 rdacontent
|
| 337 |
|
|
|a bez média
|b n
|2 rdamedia
|
| 338 |
|
|
|a zväzok
|b nc
|2 rdacarrier
|
| 366 |
|
|
|e 400 kusov
|
| 504 |
|
|
|a Bibliografia na strane 141-146
|
| 521 |
3 |
|
|a Pre študentov SPU
|
| 650 |
0 |
7 |
|a obrábanie pôdy
|2 SNKPH
|9 52002
|
| 650 |
0 |
7 |
|a rastlinná výroba
|2 SNKPH
|9 2835
|
| 650 |
0 |
7 |
|a sejba
|2 SNKPH
|9 18773
|
| 650 |
0 |
7 |
|a výsadba
|2 SNKPH
|9 29316
|
| 650 |
0 |
7 |
|a Tillage
|2 SNKPHeng
|9 359507
|
| 650 |
0 |
7 |
|a Crop production
|2 SNKPHeng
|9 268288
|
| 650 |
0 |
7 |
|a Sowing
|2 SNKPHeng
|9 359508
|
| 650 |
0 |
7 |
|a Planting
|2 SNKPHeng
|9 359509
|
| 650 |
0 |
7 |
|a Field crops
|2 SNKPHeng
|9 359510
|
| 650 |
0 |
7 |
|a poľné plodiny
|2 SNKPH
|9 67137
|
| 655 |
|
7 |
|a učebnice vysokých škôl
|2 SNKPH
|9 70191
|
| 655 |
|
7 |
|a Textbooks (higher)
|2 SNKPHeng
|9 276436
|
| 700 |
1 |
|
|a Candráková, Eva,
|d 1952-
|4 aut
|9 189255
|
| 700 |
1 |
|
|a Žembery, Jozef
|4 aut
|9 12562
|
| 700 |
1 |
|
|a Ernst, Dávid,
|d 1989-
|4 aut
|9 205712
|
| 852 |
|
|
|a Štátna vedecká knižnica v Banskej Bystrici
|
| 919 |
|
|
|a 978-80-552-1810-6
|
| 958 |
|
|
|a NB
|
| 999 |
|
|
|c 604196
|d 606126
|
| 952 |
|
|
|a SNK
|b SNK
|y PREZ
|7 0
|p 17A1329928
|o snkSB 92743
|i snk2018/9468
|8 0
|0 0
|1 0
|4 0
|d 2018-04-25
|f 1
|l 0
|r 2025-05-14 00:00:00
|w 2026-02-23
|
| 952 |
|
|
|a SNK
|b SNK
|y VYP
|7 0
|p 17A1329929
|o snkSB 92743 D1
|i snk2018/9469
|8 0
|0 0
|1 0
|4 0
|d 2018-04-25
|l 0
|r 2026-02-23 16:04:21
|w 2026-02-23
|